<Los> acuerdos de refinanciación y de reestructuración de la empresa en crisis autonomía de la voluntad e insolvencia empresarial

Saved in:
Bibliographic Details
Main Author: García-Cruces, José Antonio
Format: Book
Language:Spanish
Published: Barcelona Bosch 2013
Subjects:
Tags: Add Tag
No Tags, Be the first to tag this record!

MARC

LEADER 00000nam a2200000 4500
001 0177249
005 20231215114639.6
020 |a 978-84-9790-445-2 
041 0 |a spa 
044 |a ES 
245 1 0 |a <Los> acuerdos de refinanciación y de reestructuración de la empresa en crisis  |b autonomía de la voluntad e insolvencia empresarial  |c Jose Antonio Garcia-Cruces director 
264 1 |a Barcelona  |b Bosch  |c 2013 
300 |a 507 s. 
610 2 0 |a reštrukturalizácia 
610 2 0 |a financovanie podnikov 
610 2 0 |a kríza finančná 
610 2 0 |a kríza hospodárska 
610 2 0 |a súťaž hospodárska 
100 1 |a García-Cruces, José Antonio